=LDR 00000nam 2200000 4500 =001 INLIS000000000025528 =005 20210726103750 =035 ##$$a 0010-061300000025528 =008 210726################g##########0#ind## =041 ##$$a Ind =082 ##$$a 342.002 6 =090 ##$$a 342, Kus a =100 ##$$a Kusnardi =245 1#$$a Susunan pembagian kekuasaan menurut sistem undang-undang dasar 1945, /$c Kusnardi =260 ##$$a Jakarta :$b Gramedia Pustaka Utama,$c 1994 =300 ##$$a 184 hlm. ; $c 20 x 14 cm. =650 #4$$a Kekuasaan =850 ##$$a NBPNMAT =084 ##$$a 342.002 6 KUS s =250 ##$$a cet. 7 =990 ##$$a 00046344 =990 ##$$a 00046344 =990 ##$$a 07080708 =990 ##$$a 70.029/Pro-94 =990 ##$$a 00046344